000 00759nam a2200217 4500
001 116284
003 ES-MaACL
005 20230906190657.0
007 t|
008 061121q1920 sp r ||||1| spa d
100 1 _aOsma, G. J. de.
_987757
245 1 4 _aLos letreros ornamentales en la cerámica morisca /
_cG. J. de Osma.
260 _aMadrid :
_b[s.n.],
_c[1920?]
300 _a18 p. :
_bil. ;
_c27 cm.
595 _aPub. en la revista "Cultura Española"
650 4 _aCerámica musulmana-
_zGranada (Provincia)
_9149904
650 4 _aCerámica musulmana-
_zMálaga (Provincia)
_9149905
650 4 _aCerámica musulmana-
_zValencia (Provincia)
_9149906
650 4 _aDecoración y ornamentación musulmana.
_9149907
852 _aES-MaACL
_jT-1072-F-5
999 _c116284
_d116284